000 01066cam a2200325Ia 4500
008
020 _a0903274248 (hbk.)
049 _aMAIN
090 _aREF DT18 MAK
245 0 0 _aMakers of modern Africa :
_bprofiles in history /
_ceditor-in-chief, Ralph Uwechue.
250 _a3rd ed.
260 _aLondon, U.K. :
_bPublished by Africa Books Ltd.,
_c1996.
300 _axii, 733, [3] p. :
_bports. ;
_c29 cm.
440 0 _aKnow Africa
504 _aIncludes bibliographical references (p. [735-736].
651 0 _aAfrica
_vBiography.
651 0 _aAfrica
_vBiography
_vDictionaries.
650 0 _aHeads of state
_zAfrica
_vBiography
_vDictionaries.
651 0 _aAfrica
_xHistory.
651 0 _aAfrica
_xPolitics and government.
651 4 _aAfrica
_vBiography
_vDictionaries.
651 4 _aAfrica
_xHistory.
700 1 _aUwechue, Raph.
710 2 _aAfrica Books Limited.
907 _a.b10075616
_b16-01-07
_c17-04-03
003
005 20230120191410.0
040 _cNUST
942 _cBOOKS
_kREF DT18 MAK
999 _c100415
_d100415